| 000 | 01175nam a2200277 i 4500 | ||
|---|---|---|---|
| 001 | 152934 | ||
| 003 | ES-MaACL | ||
| 005 | 20250818173859.0 | ||
| 008 | 981116s1681 fr d |||| | lat d | ||
| 100 | 1 |
_aCalepino, Ambrogio ( _dca.1435-1510) _9126288 |
|
| 245 | 1 | 0 | _aAmbrosii Calepini Dictionarii octolinguis altera pars. |
| 246 | 3 | 0 | _aDictionarii octolinguis altera pars |
| 250 |
_aEditio novissima _bnunc à R.P. Laurentio Chiffletio Soc. Iesu... revisa, quamplurimis aliis dictionibus aucta... & Supplemento Joannis-Ludovici De La Cerda, eiusdem Societ... |
||
| 260 |
_aLugduni : _bSumptibus Laurentii Arnaud, Petri Borde, Joannis & Petri Arnaud, _c1681. |
||
| 300 |
_a862 p., [2] en bl. ; _cFol. |
||
| 597 | _aSign.: A-Z8, 2A-2Z8, 3A-3H8. | ||
| 597 | _aTexto a dos col. | ||
| 597 | _aPort. a dos tintas. | ||
| 597 | _aEn port.: marca tip. xil. | ||
| 650 | 0 | 4 |
_aLengua latina- _vDiccionarios. _914292 |
| 650 | 0 | 4 |
_aDiccionarios políglotas _911876 |
| 700 | 1 |
_aChifflet, Laurent _c(S.I.) _9126483 |
|
| 700 | 1 |
_aCerda, Juan Luis de la, _d1560-1643 _9126415 |
|
| 852 |
_aES-MaACL _jR-1512 _z- Enc. perg. _x- Olim: G-4243 |
||
| 999 |
_c152934 _d152934 |
||